M and E fees survey (Record no. 78198)

MARC details
000 -LEADER
fixed length control field 01007cab a2200181 4500
001 - CONTROL NUMBER
control field ##L136209
008 - FIXED-LENGTH DATA ELEMENTS--GENERAL INFORMATION
fixed length control field 070117n2006 000 0 eng u
035 ## - SYSTEM CONTROL NUMBER
System control number (Sirsi) u136209
041 0# - LANGUAGE CODE
Language code of text/sound track or separate title eng
245 00 - TITLE STATEMENT
Title M and E fees survey
260 ## - PUBLICATION, DISTRIBUTION, ETC.
Date of publication, distribution, etc. 2006
490 #0 - SERIES STATEMENT
Series statement Building Services Journal
Volume/sequential designation 28(11) November 2006, 91(1)
520 ## - SUMMARY, ETC.
Summary, etc. Mechanical and electrical services engineers fees have increased by almost 20% since 2000, according to the Fees Bureau survey "M&E services engineers fees". The average charge-out rate for chartered engineers has risen from £40 to £47 per hour. Charge-out rates varied considerably according to size of firm and location, with engineers working in large firms and London charging higher fees. The survey also revealed the housing and office sectors as having the highest average fees.
650 24 - SUBJECT ADDED ENTRY--TOPICAL TERM
Topical term or geographic name entry element FEES BUREAU M AND E SERVICES ENGINEERS FEES
651 #4 - SUBJECT ADDED ENTRY--GEOGRAPHIC NAME
Geographic name United Kingdom
Chronological subdivision
690 ## - LOCAL SUBJECT ADDED ENTRY--TOPICAL TERM (OCLC, RLIN)
Topical term or geographic name as entry element BUILT ENVIRONMENT-BUILDING SERVICES-BUILDING SERVICES ENGINEERING
942 ## - ADDED ENTRY ELEMENTS (KOHA)
Suppress in OPAC 0
Holdings
Withdrawn status Lost status Source of classification or shelving scheme Damaged status Not for loan Home library Current library Shelving location Date acquired Total Checkouts Full call number Barcode Date last seen Copy number Price effective from Koha item type
    Dewey Decimal Classification     London London Journal article 17/01/2007   L136209 136209-1001 06/08/2019 1 06/08/2019 Journal article